Statistics for Top 10 Most Popular Salad Dressings

Click here to take the quiz!

General Stats

  • This quiz has been taken 13,611 times
    (12,067 since last reset)
  • The average score is 6 of 10

Answer Stats

Salad Dressing % Correct
Ranch
83%
Vinaigrette
75%
Balsamic Vinaigrette
75%
Thousand Island
72%
Caesar
64%
Italian
64%
French
60%
Blue Cheese
53%
Honey Mustard
38%
Greek Dressing
19%

Score Distribution

Percentile by Number Answered

Percent of People with Each Score

Your Score History

You have not taken this quiz since the last reset